Mikroskopická analýza zliatiny VÚZ NP 42 po diferenčnej termickej analýze : Diplomová práca

Gespeichert in:
Bibliographische Detailangaben
1. Verfasser: Hošová, Oľga (Verfasst von)
Weitere Verfasser: Trnková, Lýdia (xxx)
Format: Manuskript Buch
Sprache:Slowakisch
Veröffentlicht: Trnava : STU v Bratislave MtF KMI, 2002
Schlagworte:
Tags: Tag hinzufügen
Keine Tags, Fügen Sie das erste Tag hinzu!

MARC

LEADER 00000ntm a22000003a 4500
001 stu76372
005 20160719155035.9
008 020628s2002----xo------------------slo-d
040 |a STU  |b slo 
041 0 |a slo 
044 |a xo 
100 1 |a Hošová, Oľga  |4 aut 
245 1 |a Mikroskopická analýza zliatiny VÚZ NP 42 po diferenčnej termickej analýze :  |b Diplomová práca 
260 |a Trnava :  |b STU v Bratislave MtF KMI,  |c 2002 
300 |a 72 s  |c abstr. 
650 7 |a niklové zliatiny  |2 stusub 
650 7 |a analýzy  |2 stusub 
650 7 |a kovové a nekovové materiály  |2 stusub 
700 1 |a Trnková, Lýdia  |4 xxx  |u M130  |U MTF Materiálovotechnologická fakulta  |T MTF Katedra materiálového inžinierstva  |U M130  |Y 481 
996 |b 284M050012  |c M*DP-4212  |l MMSKP  |s P  |a 0  |w stu76372_0001